000 00583nam a2200193Ia 4500
005 20250326140957.0
008 250326s9999 xx 000 0 und d
020 _a0-684-84399-4
037 _aTextbook
040 _aFMSL
_beng
_cFMSL
041 _aeng
_2eng
084 _aX65 N8
_qFMSL
100 _aDavidgardner T
_9743493
245 0 _aYou have more than you think: The motley fool guide to investing what you have
_cDavidgardner T
260 _aNew York
_bNew York, Simon & Schuster
_c1998
300 _a302p
942 _cTB
_hX65 N8
999 _c1288129
_d1288129